| 000 | 00382nam a2200157Ia 4500 | ||
|---|---|---|---|
| 005 | 20240807061854.0 | ||
| 008 | 240806s9999||||xx |||||||||||||| ||eng|| | ||
| 041 | _aeng | ||
| 082 |
_a200.1 _bMASI |
||
| 100 | _aMasih, Y. | ||
| 245 | 3 | _aAn introduction to indian philosophy / | |
| 260 | _bMoti Lal Banarasi Das Publication | ||
| 300 | _a410p. | ||
| 650 | _aPhilosophy | ||
| 942 | _cBK | ||
| 999 |
_c1575 _d1575 |
||